| 000 | 00685nam a22002057a 4500 | ||
|---|---|---|---|
| 005 | 20251108165942.0 | ||
| 008 | 250721s1994 xx 000 0 ara d | ||
| 082 | 1 | 4 | _aط/ 401 / سعد |
| 100 | 1 | _aالسعداوي، محمد حمزة | |
| 245 | 1 | 0 | _aاللسان العجيب / |
| 250 | _aط.2 | ||
| 246 | 1 | 3 | _aموسوعة للأطفال تغطي مجالات المعرفة البشرية المختلفة |
| 264 | 1 |
_aالقاهره : _bدار المعارف، _c[1994]. |
|
| 300 | _a16ص.:مص | ||
| 490 | 0 |
_aماذا تعلم عن ... _v7 |
|
| 650 | 1 | 7 | _aاللغات |
| 653 | _aأطفال مرحلة متوسطة (6-9 سنوات) | ||
| 942 |
_2ddc _cBK |
||
| 999 |
_c35714 _d35714 |
||